| 000 | 01145nam0a22002651 4500 | ||
|---|---|---|---|
| 001 | rc\3060675 | ||
| 005 | 20250806202605.0 | ||
| 035 | _a(NLR Aleph) 007199421 | ||
| 090 |
_a52609 _c52609 |
||
| 100 | _a20111012d1945 u y0rusy50 ca | ||
| 101 | 0 | _arus | |
| 102 | _aRU | ||
| 105 | _ay j ||||| | ||
| 200 | 1 |
_aУчебный план и программа по изучению правил уличного движения по Москве _eДля сред., неполных сред. и нач. школ Москвы _e[Утв. Отд. РУД Упр. милиции Москвы 29/IX-1945 г.] |
|
| 210 |
_a[Москва] _cОтд. регулирования уличного движения Упр. милиции Москвы _d1945 _gтип. изд-ва "Моск. большевик" |
||
| 215 |
_a15 с. _d14 см |
||
| 300 | _aБез обл. | ||
| 712 | 0 | 1 |
_aМосква _bУправление милиции _4570 |
| 801 | 0 |
_aRU _bNLR _gpsbo |
|
| 801 | 1 |
_aRU _bELAR _2rusmarc |
|
| 852 |
_aNLR _jТ86 Г-2/261 |
||
| 942 | _cBOOK | ||
| 945 | _aРоссийская национальная библиотека | ||
| 980 | _aNB | ||
| 980 | _aBV | ||